Statistics for Airlines in the United States

Click here to take the quiz!

General Stats

  • This quiz has been taken 17 times
  • The average score is 8 of 8

Answer Stats

Answer% Correct
Alaska Airlines
100%
American Airlines
100%
Delta
100%
jetBlue
100%
Spirit Air
100%
Southwest
93%
United
93%
Frontier
86%

Score Distribution

Percentile by Number Answered

Percent of People with Each Score

Your Score History

You have not taken this quiz